| 000 | 00784nam a22002537a 4500 | ||
|---|---|---|---|
| 999 |
_c7162 _d7162 |
||
| 003 | AR-CdUCM | ||
| 008 | 190320b ||||| |||| 00| 0 spa d | ||
| 040 |
_aMUNICIPALIDAD PROVINCIAL DEL CUSCO _cBIBLIOTECA MUNICIPAL DEL CUSCO |
||
| 041 | _heng | ||
| 082 |
_22ed. _a574.87 / _bSW98 |
||
| 100 |
_aSwanson, Carl P. _920193 |
||
| 245 | _aLa Celula / | ||
| 260 |
_aMexico : _bHispano Americana, _c1965. |
||
| 300 |
_aVII, 196 paginas ; _bIlustraciones, dibujos, graficos, _c17 cm. |
||
| 440 |
_aManuales Uteha _n244 _920194 |
||
| 650 |
_aCelula _920195 |
||
| 650 |
_aCiencias Naturales _910176 |
||
| 650 |
_aBase celular _920196 |
||
| 650 |
_aLiteratura _983 |
||
| 700 |
_aTeresa Toral, Maria _919999 |
||
| 700 |
_aColon Manrique, Julio _919845 |
||
| 942 |
_2ddc _cLIBROS |
||
| 945 | _apjha | ||